Developing an effective service life asset management and valuation model (Record no. 78006)

MARC details
000 -LEADER
fixed length control field 00902cab a22002055a 4500
001 - CONTROL NUMBER
control field L135810
008 - FIXED-LENGTH DATA ELEMENTS--GENERAL INFORMATION
fixed length control field 061212s2006 xxk f 000 0 eng d
035 ## - SYSTEM CONTROL NUMBER
System control number (Sirsi) u135810
041 0# - LANGUAGE CODE
Language code of text/sound track or separate title eng
100 1# - MAIN ENTRY--PERSONAL NAME
Personal name Kooymans, Rob
245 00 - TITLE STATEMENT
Title Developing an effective service life asset management and valuation model
260 ## - PUBLICATION, DISTRIBUTION, ETC.
Date of publication, distribution, etc. 2006
490 #0 - SERIES STATEMENT
Series statement Journal of Corporate Real Estate
Volume/sequential designation 8(4) 2006, 198-212(15)
520 ## - SUMMARY, ETC.
Summary, etc. Describes the development and testing of a depreciated replacement cost model for a portfolio of corporate real estate assets. Finds that the developed model is effective in planning and maintaining maintenance and capital expenditure, with application to life-cycle maintenance and replacement decisions.
590 ## - LOCAL NOTE (RLIN)
Local note KA
651 #4 - SUBJECT ADDED ENTRY--GEOGRAPHIC NAME
Geographic name International
690 ## - LOCAL SUBJECT ADDED ENTRY--TOPICAL TERM (OCLC, RLIN)
Topical term or geographic name as entry element PROPERTY-COMMERCIAL PROPERTY-COMMERCIAL PROPERTY APPRAISAL AND VALUATION
700 1# - ADDED ENTRY--PERSONAL NAME
Personal name Abbott, James
942 ## - ADDED ENTRY ELEMENTS (KOHA)
Suppress in OPAC 0
Holdings
Withdrawn status Lost status Source of classification or shelving scheme Damaged status Not for loan Home library Current library Shelving location Date acquired Total Checkouts Full call number Barcode Date last seen Copy number Price effective from Koha item type
    Dewey Decimal Classification     London London Journal article 12/12/2006   L135810 135810-1001 06/08/2019 1 06/08/2019 Journal article